Guerra y paz La sociedad internacional entre el conflicto y la cooperacin̤ /

Bibliographic Details
Main Author: Azcona Pastor, Jos ̌Manuel
Other Authors: Torregrosa Carmona, Juan Francisco
Format: eBook
Language:Spanish
Published: Madrid : Dykinson, 2013
Subjects:
Online Access:Acceso restringido

MARC

LEADER 00000nam a22000007a 4500
005 20131129131951.0
007 cr|||| ||||
008 131129s2013 sp |||||s|||| 00||0 spa d
020 |a 978-84-9031-687-0 
035 |a 11677 
040 |a vLex 
090 |c 4613  |d 4613 
100 1 |a Azcona Pastor, Jos ̌Manuel 
245 1 0 |a Guerra y paz  |h [Recurso electrn̤ico] :  |b La sociedad internacional entre el conflicto y la cooperacin̤ /  |c Jos ̌Manuel Azcona Pastor, Juan Francisco Torregrosa Carmona  
256 |a Servicio en ln̕ea 
260 |a Madrid :  |b Dykinson,  |c 2013 
300 |a 1 recurso electrn̤ico 
506 1 |a Contenido solo disponible en los productos indicados  |d vLex Global  |d vLex Global (Academic Edition, excluding Law Schools)  |d vLex Global (U.S. Academic Edition, Law Schools)  |d vLex Global (U.S. Academic Edition, excluding Law Schools)  |d vLex Global (Academic Edition, Law Schools) 
650 0 4 |a Derecho internacional 
650 0 4 |a Conflictos 
700 1 |a Torregrosa Carmona, Juan Francisco 
740 0 |a vLex Libros (Servicio en ln̕ea) 
856 4 0 |u http://vlex.com/source/guerra-y-paz-sociedad-internacional-conflicto-cooperacion-11677  |z Acceso restringido 
942 |c BOOK 
999 0 |a International Law 
999 0 |a Conflicts